| 000 | 00971cam a22002775a 4500 | ||
|---|---|---|---|
| 001 | 016940983 | ||
| 003 | OSt | ||
| 005 | 20201128021336.0 | ||
| 008 | 141105t2015 maua frb 000 0 eng d | ||
| 020 | _a9780128008911 | ||
| 040 |
_aStDuBDS _beng _cStDuBDS _dEG-ScBUE |
||
| 082 | 0 | 4 |
_a005.8 _bHEX _222 |
| 100 | 1 |
_aHexmoor, Henry, _d1960- _938450 |
|
| 245 | 1 | 0 |
_aComputational network science : _ban algorithmic approach / _cHenry Hexmoor. |
| 260 |
_aWaltham : _bMorgan Kaufmann / Elsevier, _cc.2015. |
||
| 300 |
_ax, 118 p. : _bill. ; _c23 cm. |
||
| 490 | 0 | _aComputer science reviews and trends | |
| 504 | _aIncludes bibliographical references. | ||
| 650 | 7 |
_aNeural networks (Computer science) _2BUEsh _92046 |
|
| 650 | 0 |
_aInternet _xSecurity measures _2BUEsh _93071 |
|
| 650 | 7 |
_aComputer networks _xSecurity measures. _2BUEsh _92634 |
|
| 650 | 7 |
_aComputer security. _92637 _2BUEsh |
|
| 651 | _2BUEsh | ||
| 653 |
_bCOMSCI _cJune2015 _cSeptember2015 |
||
| 942 |
_2ddc _k005.8 HEX |
||
| 999 |
_c19889 _d19861 |
||